| 000 | 00950nam1a2200253 4500 | ||
|---|---|---|---|
| 001 | RU\NLR\BIBL_A\012062456 | ||
| 005 | 20241103102508.0 | ||
| 035 | _a(NLR Aleph) 012062456 | ||
| 090 |
_a11712838 _c11712838 |
||
| 100 | _a20190710g20199999k y0rusy50 ca | ||
| 101 | 0 |
_arus _aeng |
|
| 102 | _aRU | ||
| 105 | _a| z ||||| | ||
| 200 | 1 |
_aВызовы и тенденции общественного развития в XXI веке _eсборник научных статей... _f[под ред. Терской Г. А., Чувахиной Л. Г.] |
|
| 210 |
_aМосква _cПеро _d2019 |
||
| 215 | _d21 | ||
| 300 | _aТекст рус., англ. | ||
| 606 |
_aОбщественные науки _jСборники _91112139 _3RU\NLR\AUTH\66119728 |
||
| 686 | 1 | _aС.я43 | |
| 702 | 1 |
_aТерская _bГ.А. _gГалина Алексеевна _4340 |
|
| 852 |
_aNLR _j2019-3/18303 |
||
| 942 | _cBOOK | ||